ACI design handbook : (Record no. 553494)

000 -LEADER
fixed length control field 00657nam a2200169 a 4500
082 00 - DEWEY DECIMAL CLASSIFICATION NUMBER
Classification number 624.18341
Author Mark ACI
-- M-38,P-101
245 00 - TITLE STATEMENT
Title ACI design handbook :
Remainder of title Design of structural reinforced concrete elements in accordance with ACI 318-09
260 ## - PUBLICATION, DISTRIBUTION, ETC.
Place of publication, distribution, etc. USA:
Name of publisher, distributor, etc. American Concrete Institute,
Date of publication, distribution, etc. 2009.
300 ## - PHYSICAL DESCRIPTION
Extent 252p.
Other physical details ill. ;
Dimensions 30 cm.
490 1# - SERIES STATEMENT
Series statement Publication SP / ACI ;
500 ## - GENERAL NOTE
General note "ACI SP-17(09)."
500 ## - GENERAL NOTE
General note Cover title: Design handbook.
526 ## - STUDY PROGRAM INFORMATION NOTE
Program name 0
Interest level 0
Reading level 0
Title point value 624_183410000000000_ACI
650 #0 - SUBJECT ADDED ENTRY--TOPICAL TERM
Topical term or geographic name entry element Reinforced concrete elements
General subdivision Handbooks, manuals, etc.
9 (RLIN) 50738
650 #0 - SUBJECT ADDED ENTRY--TOPICAL TERM
Topical term or geographic name entry element Structural Reinforced
General subdivision Handbooks, manuals, etc.
9 (RLIN) 50739
942 ## - ADDED ENTRY ELEMENTS (KOHA)
Source of classification or shelving scheme
Koha item type Book
Holdings
Withdrawn status Lost status Source of classification or shelving scheme Damaged status Not for loan Permanent Location Current Location Date acquired Total Checkouts Full call number Barcode Date last seen Price effective from Koha item type
          Military College of Engineering (MCE) Military College of Engineering (MCE) 03/04/2015   624.18341 ACI MCE-39335 03/17/2017 03/04/2015 Book
© 2023 Central Library, National University of Sciences and Technology. All Rights Reserved.